|
|
|
|
| LEADER |
00000ny a22000003n 4500 |
| 005 |
20110621132950.0 |
| 008 |
070711s2000 it s 000 0 ita d |
| 020 |
|
|
|a 884950196X
|
| 035 |
|
|
|a 2175
|
| 040 |
|
|
|a UMA.RE
|d vLex
|
| 080 |
|
|
|a 004.773.3:339.1(063)(0.034)
|
| 090 |
|
|
|c 952
|d 952
|
| 100 |
1 |
|
|a Rizzo, Vito
|
| 245 |
0 |
0 |
|a Documento informatico, firma digitale e commercio elettronico
|h [Recurso electrn̤ico]
|b [atti del Convegno organizzato a Camerino ottobre 1999] /
|c [Scuola di specializzazione in diritto civile dell'Universit ̉degli studi di Camerino e dall'Istituto per la documentazione giuridica del CNR di Firenze] ; [a cura di] Vito Rizzo
|
| 256 |
|
|
|a Servicio en ln̕ea
|
| 260 |
|
|
|a Florencia :
|b ITTIG,
|c 2000
|
| 300 |
|
|
|a p. ;
|c cm
|
| 506 |
1 |
|
|a Contenido solo disponible en los productos indicados
|d vLex Global
|d vLex Global (Academic Edition, excluding Law Schools)
|d vLex Global (U.S. Academic Edition, Law Schools)
|d vLex Global (U.S. Academic Edition, excluding Law Schools)
|d vLex Global (Academic Edition, Law Schools)
|
| 650 |
0 |
4 |
|a Comercio electrn̤ico
|x Derecho
|
| 650 |
0 |
4 |
|a Firma (Derecho)
|
| 710 |
2 |
|
|a Istituto di Teoria e Tecniche dell'Informazione Giuridica
|
| 710 |
2 |
|
|a Istituto per la documentazione giuridica
|
| 710 |
2 |
|
|a Universit ̉degli studi di Camerino.
|b Scuola di specializzazione in diritto civile
|
| 740 |
0 |
|
|a vLex Libros (Servicios en ln̕ea)
|
| 856 |
4 |
0 |
|u http://vlex.com/source/2175
|z Acceso restringido
|
| 942 |
|
|
|c BOOK
|
| 999 |
0 |
4 |
|a Comercio electrn̤ico
|v En ln̕ea.
|
| 999 |
0 |
4 |
|a Firma electrn̤ica
|v En ln̕ea.
|
| 999 |
0 |
4 |
|a Libros electrn̤icos.
|